[Event "CZE-chT2C 2223"]
[Site "Czech Republic"]
[Date "2023.01.08"]
[Round "6.8"]
[White "Novak, Ivan1111"]
[Black "Tregler, Boris"]
[Result "1/2-1/2"]
[WhiteElo "1835"]
[BlackElo "1915"]
[PlyCount "57"]
[EventDate "2022.10.16"]
[EventType "team-tourn"]
[EventRounds "11"]
[EventCountry "CZE"]
[SourceTitle "EXT 2024"]
[Source "ChessBase"]
[SourceDate "2023.10.10"]
[SourceVersion "1"]
[SourceVersionDate "2023.10.10"]
[SourceQuality "1"]
[WhiteTeam "Mlada Boleslav"]
[BlackTeam "Praha DDM"]
[WhiteTeamCountry "CZE"]
[BlackTeamCountry "CZE"]

1. d4 Nf6 2. Nf3 g6 3. g3 Bg7 4. Bg2 d5 5. 0-0 0-0 6. c4 c6 7. Nc3 Nbd7 8. cxd5 cxd5 9. b3 Nb6 10. Bb2 Bf5 11. Nh4 Qd7 12. Nxf5 Qxf5 13. Rc1 Rac8 14. e3 a6 15. h3 h5 16. Qf3 Qxf3 17. Bxf3 Rc7 18. Ne2 Rfc8 19. Rxc7 Rxc7 20. Rc1 Rxc1+ 21. Nxc1 e6 22. Nd3 Nbd7 23. Ba3 Bf8 24. Bxf8 Kxf8 25. Kf1 Ke7 26. g4 hxg4 27. hxg4 g5 28. Be2 Ne4 29. f3 1/2-1/2

[Event "Prague Golden Rapid op 17th"]
[Site "Prague"]
[Date "2022.07.09"]
[Round "2"]
[White "Tregler, Boris"]
[Black "Krnak, Vladimir"]
[Result "1-0"]
[WhiteElo "1958"]
[BlackElo "1598"]
[PlyCount "63"]
[EventDate "2022.07.09"]
[EventType "swiss (rapid)"]
[EventRounds "7"]
[EventCountry "CZE"]
[SourceTitle "CBM 209 Extra"]
[Source "ChessBase"]
[SourceDate "2022.09.30"]
[SourceVersion "1"]
[SourceVersionDate "2022.09.30"]
[SourceQuality "1"]

1. e4 e5 2. Bc4 c6 3. Nc3 Nf6 4. Nf3 d5 5. exd5 cxd5 6. Bb5+ Bd7 7. Nxe5 Bxb5 8. Nxb5 a6 9. Qe2 Be7 10. Nd4 0-0 11. 0-0 Bc5 12. Ndf3 Re8 13. d4 Bf8 14. Bg5 Nbd7 15. Qd3 h6 16. Nxd7 hxg5 17. Nxf6+ Qxf6 18. Rfe1 Bd6 19. Ne5 Rad8 20. Ng4 Qf4 21. h3 Re6 22. g3 Rxe1+ 23. Rxe1 Bb4 24. gxf4 Bxe1 25. fxg5 Re8 26. Qf3 Re4 27. Ne5 Rxd4 28. Qxf7+ Kh8 29. Qe8+ Kh7 30. g6+ Kh6 31. Qh8+ Kg5 32. Nf3+ 1-0

[Event "CZE-chT2C 1920"]
[Site "Czech Republic"]
[Date "2020.01.12"]
[Round "6.7"]
[White "Tregler, Boris"]
[Black "Klima, Jan"]
[Result "1/2-1/2"]
[WhiteElo "1974"]
[BlackElo "1918"]
[PlyCount "54"]
[EventDate "2019.10.13"]
[EventType "team-tourn"]
[EventRounds "11"]
[EventCountry "CZE"]
[SourceTitle "EXT 2024"]
[Source "ChessBase"]
[SourceDate "2023.10.10"]
[SourceVersion "1"]
[SourceVersionDate "2023.10.10"]
[SourceQuality "1"]
[WhiteTeam "Kobylisy II"]
[BlackTeam "Praha Oaza II"]
[WhiteTeamCountry "CZE"]
[BlackTeamCountry "CZE"]

1. e4 c5 2. d4 cxd4 3. c3 d5 4. exd5 Qxd5 5. Nf3 e6 6. cxd4 Nf6 7. Nc3 Qd8 8. Bg5 Be7 9. Bc4 0-0 10. 0-0 a6 11. Qe2 Nc6 12. Rfd1 Nd5 13. Ne4 Bxg5 14. Nfxg5 h6 15. Nf3 b6 16. Rac1 Bb7 17. Ne5 Na5 18. f3 Nxc4 19. Nxc4 a5 20. Qf2 Ba6 21. g3 Rc8 22. b3 Rc6 23. Ne5 Rxc1 24. Rxc1 Qe7 25. Qd2 Rc8 26. Rxc8+ Bxc8 27. Qc2 Bb7 1/2-1/2